000 00532nam a2200169 i 4500
001 33590
003 ES-MaACL
005 20230906154802.0
007 t|
008 030202s1968 sp ||||1| spa d
130 0 _aBiblia.
_pN.T.
_pEvangelios.
_lEspañol.
_9119305
245 1 0 _aBiblia para la familia
_b: Evangelios /
_cS. García Rodríguez.
260 _a[Bilbao, etc. :
_bDesclée de Brouwer,
_c1968]
300 _a487 p. :
_bil. ;
_c20 cm.
700 1 _aGarcía Rodríguez, S.
_955204
852 _aES-MaACL
_jC-51688
_bR.67549
999 _c33590
_d33590